000
00202nam a2200085Ia 4500
008
120527s9999 xx 000 0 und d
100
_a
Gaines & Miller
245
_a
Criminal justice in Action
942
_c
BK
999
_c
27736
_d
27736